La coordinación modular Caporioni / (Record no. 45170)

MARC details
000 -LEADER
campo de control de longitud fija 00791nam a2200229 i 4500
001 - NÚMERO DE CONTROL
campo de control 45170
003 - IDENTIFICADOR DE NÚMERO DE CONTROL
campo de control ES-MaACL
005 - FECHA Y HORA DE LA ÚLTIMA TRANSACCIÓN
campo de control 20230906161153.0
007 - CAMPO FIJO DE DESCRIPCIÓN FÍSICA--INFORMACIÓN GENERAL
campo de control de longitud fija t|
008 - DATOS DE LONGITUD FIJA--INFORMACIÓN GENERAL
campo de control de longitud fija 030325s1971 sp ||||1| spa d
080 ## - NÚMERO DE LA CLASIFICACIÓN DECIMAL UNIVERSAL
Número de la Clasificación Decimal Universal 72.011.5
245 03 - MENCIÓN DEL TÍTULO
Título La coordinación modular Caporioni /
Mención de responsabilidad, etc. Garlallti, Tenca Montini... ; [bajo la dirección de Giuseppe Ciribini, traducción de Tomás Rodríguez Coll].
260 ## - PUBLICACIÓN, DISTRIBUCIÓN, ETC.
Lugar de publicación, distribución, etc. Barcelona :
Nombre del editor, distribuidor, etc. Gustavo Gili,
Fecha de publicación, distribución, etc. [1971]
300 ## - DESCRIPCIÓN FÍSICA
Extensión 285 p. :
Otras características físicas il. ;
Dimensiones 21 cm.
490 1# - MENCIÓN DE SERIE
Mención de serie Arquitectura y crítica
650 #4 - PUNTO DE ACCESO ADICIONAL DE MATERIA--TÉRMINO DE MATERIA
Término de materia o nombre geográfico como elemento de entrada Coordinación modular (Arquitectura)
9 (RLIN) 145849
700 1# - ENTRADA AGREGADA--NOMBRE PERSONAL
Nombre de persona Rodríguez Coll, Tomás.
9 (RLIN) 98423
700 0# - ENTRADA AGREGADA--NOMBRE PERSONAL
Nombre de persona Ciribini, Giuseppe.
9 (RLIN) 38889
830 0# - PUNTO DE ACCESO ADICIONAL DE SERIE-TÍTULO UNIFORME
Título uniforme Arquitectura y crítica
9 (RLIN) 186742
852 ## - LOCALIZACIÓN
Ubicación ES-MaACL
Número de control de estantería C-48285
Sublocalización o colección R.77762
Holdings
Estatus retirado Estado de pérdida Estado de daño No para préstamo Biblioteca de origen Biblioteca actual Ubicación en estantería Fecha de adquisición Fuente de adquisición Total de préstamos Signatura topográfica completa Código de barras Visto por última vez Precio de reemplazo Tipo de ítem Koha
        Biblioteca del Ateneo de Madrid Biblioteca del Ateneo de Madrid Depósito 2 17/01/2008     C-48285 1047535 23/02/2023 23/02/2023 Libro impreso